[Event "Russian Championship B15 1st league 2016"]
[Site "Loo"]
[Date "2016.04.24"]
[Round "5.38"]
[White "Karamov, Stepan"]
[Black "Pynko, Alexander"]
[Result "1-0"]
[WhiteElo "1707"]
[BlackElo "1615"]
[PlyCount "69"]
[EventDate "2016.04.20"]

1. d4 Nf6 2. c4 g6 3. Nc3 Bg7 4. Nf3 d6 5. Bg5 O-O 6. e3 c5 7. d5 Nbd7 8. Bd3
Nb6 9. O-O Nfd7 10. e4 Ne5 11. Nxe5 Bxe5 12. f4 Bd4+ 13. Kh1 f6 14. Bh4 Bd7 15.
Qd2 Na4 16. Ne2 Bxb2 17. Rab1 Ba3 18. Qe3 Bb4 19. e5 f5 20. exd6 Qe8 21. dxe7
Rf7 22. h3 b6 23. g4 fxg4 24. hxg4 Bxg4 25. f5 Kg7 26. Qe5+ Kg8 27. fxg6 hxg6
28. Nf4 Bc3 29. Qg5 Rf5 30. Bxf5 Bxf5 31. Nh5 Kh7 32. Rxf5 gxh5 33. Rf8 Qd7 34.
Qg8+ Kh6 35. Bg5# 1-0

[Event "Russian Championship B15 1st league 2016"]
[Site "Loo"]
[Date "2016.04.24"]
[Round "5.39"]
[White "Sadovnikov, Konstantin"]
[Black "Shilov, Victor"]
[Result "0-1"]
[WhiteElo "1695"]
[BlackElo "1485"]
[PlyCount "110"]
[EventDate "2016.04.20"]

1. e4 c5 2. Nc3 a6 3. f4 b5 4. Nf3 Bb7 5. d3 e6 6. g3 d5 7. e5 h5 8. Bg2 Nh6 9.
Ne2 d4 10. O-O Nf5 11. h3 g6 12. Qe1 Be7 13. Qf2 Nd7 14. c3 dxc3 15. bxc3 O-O
16. Kh2 Rc8 17. Be3 Nb6 18. d4 Nc4 19. Bd2 Bxf3 20. Bxf3 Nxd2 21. Rfd1 Nxf3+
22. Qxf3 cxd4 23. g4 Ng7 24. cxd4 Qd5 25. Qg3 Rc2 26. Qf2 Qe4 27. Re1 Bh4 28.
Qxh4 Rxe2+ 29. Rxe2 Qxe2+ 30. Kg1 Qe3+ 31. Qf2 Qxh3 32. Qg2 Qxg2+ 33. Kxg2 hxg4
34. Rc1 Nf5 35. Rc6 Ra8 36. Rc7 Nxd4 37. Kg3 Nf5+ 38. Kxg4 Kg7 39. Rb7 Ne3+ 40.
Kf3 Nd5 41. Rd7 a5 42. a3 b4 43. axb4 axb4 44. Rb7 Ra3+ 45. Ke4 Re3+ 46. Kd4
Re1 47. Rb5 Rf1 48. Ke4 Rxf4+ 49. Kd3 Rf1 50. Ra5 g5 51. Ra2 Rf3+ 52. Kc4 Rc3+
53. Kb5 b3 54. Rb2 Kg6 55. Rf2 Rc2 0-1

[Event "Russian Championship B15 1st league 2016"]
[Site "Loo"]
[Date "2016.04.24"]
[Round "5.40"]
[White "Shilo, Kirill"]
[Black "Shirinkin, Pavel"]
[Result "0-1"]
[WhiteElo "1586"]
[BlackElo "1676"]
[PlyCount "90"]
[EventDate "2016.04.20"]

1. d4 d5 2. Nf3 Nf6 3. Bf4 e6 4. e3 Nbd7 5. Nbd2 b6 6. h3 Bb7 7. Bd3 Bd6 8. O-O
O-O 9. c3 Qe7 10. Qe2 e5 11. dxe5 Nxe5 12. Nd4 Nxd3 13. Bxd6 Qxd6 14. Qxd3 Qd7
15. N2f3 Rfe8 16. Ne2 Rad8 17. Nf4 c5 18. Ng5 h6 19. Nf3 Ne4 20. Rfd1 Ng5 21.
Nh4 Ne6 22. Nh5 Qe7 23. g3 Qg5 24. Nf4 Nxf4 25. exf4 Qf6 26. Nf3 g5 27. fxg5
hxg5 28. h4 gxh4 29. Nxh4 d4 30. Qf5 Qxf5 31. Nxf5 d3 32. Rd2 c4 33. Ne3 b5 34.
a4 a6 35. Kh2 Re5 36. g4 Rd6 37. Kg3 Rde6 38. axb5 axb5 39. Ra7 Bc6 40. Ra6 Rf6
41. Rb6 Rf3+ 42. Kh4 Re6 43. Rb8+ Kh7 44. Rd8 Rh6+ 45. Kg5 f6# 0-1

[Event "Russian Championship B15 1st league 2016"]
[Site "Loo"]
[Date "2016.04.24"]
[Round "5.41"]
[White "Gorbunov, Semen"]
[Black "Tsopanov, Mikhail"]
[Result "1/2-1/2"]
[WhiteElo "1675"]
[BlackElo "1572"]
[PlyCount "78"]
[EventDate "2016.04.20"]

1. e4 c6 2. d4 d5 3. exd5 cxd5 4. c4 Nf6 5. Nf3 e6 6. Nc3 dxc4 7. Bxc4 Be7 8.
O-O O-O 9. Bf4 a6 10. Re1 b5 11. Bb3 Bb7 12. Ne5 Nbd7 13. Rc1 Rc8 14. Qd3 Nb6
15. Bg5 Nfd5 16. Bxe7 Qxe7 17. Nxd5 Nxd5 18. Nf3 Qf6 19. Qd2 Nf4 20. Qe3 Nh3+
21. Kf1 Bxf3 22. Qxf3 Qxf3 23. gxf3 Nf4 24. Rc3 Rxc3 25. bxc3 Rc8 26. Rc1 Nd5
27. Bxd5 exd5 28. Ke2 Kf8 29. Kd3 Ke7 30. Re1+ Kd6 31. h3 f6 32. f4 g6 33. f3
Kd7 34. Ra1 Rc4 35. Re1 Rc8 36. Ra1 Rc4 37. Re1 Rc8 38. Ra1 Rc4 39. Re1 Rc8
1/2-1/2

[Event "Russian Championship B15 1st league 2016"]
[Site "Loo"]
[Date "2016.04.24"]
[Round "5.42"]
[White "Dobrynin, Yaroslav"]
[Black "Dolgirev, Lev"]
[Result "1-0"]
[WhiteElo "1668"]
[BlackElo "1448"]
[PlyCount "105"]
[EventDate "2016.04.20"]

1. d4 d5 2. c4 e6 3. Nf3 Nf6 4. g3 c6 5. Bg2 Bd6 6. O-O O-O 7. Nc3 Nbd7 8. Qd3
Re8 9. Rd1 Qe7 10. Bg5 h6 11. Bxf6 Nxf6 12. e4 dxe4 13. Nxe4 Bc7 14. Rac1 Rd8
15. Nxf6+ Qxf6 16. Qc3 Bb6 17. Ne5 Bd7 18. Rd2 Rac8 19. Rcd1 Be8 20. Qf3 Qxf3
21. Bxf3 f6 22. Ng4 Rd7 23. b4 Rcd8 24. d5 exd5 25. cxd5 Bf7 26. d6 Kf8 27. Ne3
Be6 28. Be2 Bxe3 29. fxe3 Bd5 30. Bg4 Rf7 31. Bh5 Rfd7 32. Bg4 Rf7 33. e4 Bxe4
34. Be6 f5 35. Bxf7 Kxf7 36. Kf2 Bd5 37. a3 Rxd6 38. b5 Rf6 39. bxc6 Bxc6 40.
Rd6 Rxd6 41. Rxd6 h5 42. Ke3 Ke7 43. Rg6 Kf7 44. Rd6 Ke7 45. Rd4 g5 46. h4 f4+
47. gxf4 g4 48. Kf2 Kf6 49. Kg3 a6 50. Rc4 Bd5 51. Rc5 Ke6 52. Ra5 Kd6 53. Ra4
1-0

[Event "Russian Championship B15 1st league 2016"]
[Site "Loo"]
[Date "2016.04.24"]
[Round "5.43"]
[White "Galkin, Vladislav"]
[Black "Ovcharenko, Iliya"]
[Result "1-0"]
[WhiteElo "1659"]
[BlackElo "1393"]
[PlyCount "69"]
[EventDate "2016.04.20"]

1. d4 Nf6 2. Nf3 c5 3. dxc5 e6 4. g3 Bxc5 5. Bg2 O-O 6. O-O Nc6 7. Nc3 d5 8.
Bg5 h6 9. Bxf6 Qxf6 10. e4 d4 11. Ne2 e5 12. Nc1 Bg4 13. Nd3 b6 14. h3 Be6 15.
Nh4 Rac8 16. Qh5 Bc4 17. a3 Bxd3 18. cxd3 Be7 19. Qe2 Qe6 20. Nf5 Rc7 21. f4 f6
22. Qg4 Kf7 23. Qxg7+ Ke8 24. Qxh6 Qg8 25. Rac1 Rf7 26. Nxe7 Kxe7 27. fxe5 Qxg3
28. exf6+ Ke6 29. Qh5 Qe3+ 30. Kh1 Ne5 31. Rxc7 Rxc7 32. Qe8+ Kd6 33. f7 Nxf7
34. Rf6+ Kc5 35. b4# 1-0

[Event "Russian Championship B15 1st league 2016"]
[Site "Loo"]
[Date "2016.04.24"]
[Round "5.44"]
[White "Klimashkin, Igor"]
[Black "Shaidullin, Ratmir"]
[Result "0-1"]
[WhiteElo "1584"]
[BlackElo "1647"]
[PlyCount "70"]
[EventDate "2016.04.20"]

1. e4 c6 2. d4 d5 3. e5 Bf5 4. Bd3 Bxd3 5. Qxd3 e6 6. Nf3 c5 7. c3 Qb6 8. O-O
Nc6 9. Nbd2 Nge7 10. b3 cxd4 11. cxd4 Nf5 12. Bb2 Bb4 13. Rfd1 h6 14. a3 Bxd2
15. Rxd2 Na5 16. b4 Nc4 17. Rc2 O-O 18. Bc3 Rfc8 19. a4 Rc7 20. b5 Rac8 21. Bb4
Nxe5 22. Nxe5 Rxc2 23. Bc5 Qc7 24. g4 Rxc5 25. gxf5 Rc1+ 26. Rxc1 Qxc1+ 27. Kg2
Qg5+ 28. Kf1 Rc1+ 29. Ke2 Qh5+ 30. Nf3 Qxf5 31. Qa3 Qe4+ 32. Qe3 Qxe3+ 33. fxe3
Ra1 34. b6 axb6 35. Ne5 Rxa4 0-1

[Event "Russian Championship B15 1st league 2016"]
[Site "Loo"]
[Date "2016.04.24"]
[Round "5.45"]
[White "Zharikov, Dmitry"]
[Black "Maslov, Serafim"]
[Result "1-0"]
[WhiteElo "1644"]
[BlackElo "1341"]
[PlyCount "69"]
[EventDate "2016.04.20"]

1. f4 d5 2. Nf3 Nc6 3. g3 Bf5 4. Bg2 e6 5. O-O Nf6 6. d3 Bc5+ 7. Kh1 O-O 8. c3
Re8 9. Qe1 Bd6 10. Nh4 Ne7 11. e4 dxe4 12. dxe4 Bg6 13. Nxg6 Bc5 14. Nxe7+ Rxe7
15. Be3 Bxe3 16. Qxe3 Rd7 17. Na3 Rd3 18. Qe1 Ng4 19. Nc2 Qd7 20. Bf3 Rd2 21.
Rd1 Rxd1 22. Qxd1 Qxd1 23. Bxd1 Nf6 24. Bf3 Kf8 25. Rd1 Ke7 26. Kg2 h6 27. b3
c6 28. c4 a5 29. Kf2 Nd7 30. Ke3 Nc5 31. Kd4 b6 32. Kc3 f6 33. Nd4 Rc8 34. e5
a4 35. b4 1-0

[Event "Russian Championship B15 1st league 2016"]
[Site "Loo"]
[Date "2016.04.24"]
[Round "5.46"]
[White "Fokeev, Boris"]
[Black "Anikiev, Yan"]
[Result "0-1"]
[WhiteElo "1478"]
[BlackElo "1628"]
[PlyCount "94"]
[EventDate "2016.04.20"]

1. e4 e5 2. Nf3 Nc6 3. d4 exd4 4. Nxd4 Bc5 5. Nb3 Bb6 6. Nc3 d6 7. a4 a6 8. Nd5
Ba7 9. Bd3 Nge7 10. O-O O-O 11. c4 Ne5 12. Be3 Nxd5 13. exd5 Bxe3 14. fxe3 Qg5
15. Rf4 Nxd3 16. Qxd3 Bd7 17. a5 Rae8 18. Re1 Re7 19. Rf3 Rfe8 20. Qc3 Re4 21.
h3 Qe5 22. Qxe5 R4xe5 23. Nd2 Bf5 24. Kf2 Bd3 25. Rf4 g5 26. Rd4 Be4 27. Nxe4
Rxe4 28. Rxe4 Rxe4 29. b3 f5 30. Kf3 h5 31. Rg1 Kf7 32. g4 hxg4+ 33. hxg4 Rxg4
34. Rxg4 fxg4+ 35. Kxg4 Kg6 36. b4 Kf6 37. b5 Kg6 38. Kg3 Kf5 39. Kh3 Ke5 40.
bxa6 bxa6 41. Kg4 Ke4 42. Kxg5 Kxe3 43. Kf6 Kd4 44. Ke7 Kxc4 45. Kd7 Kxd5 46.
Kxc7 Kc5 47. Kb7 Kb5 0-1

[Event "Russian Championship B15 1st league 2016"]
[Site "Loo"]
[Date "2016.04.24"]
[Round "5.50"]
[White "Mamoshin, Oleg"]
[Black "Tsarkov, Mikhail"]
[Result "1-0"]
[WhiteElo "1655"]
[BlackElo "1398"]
[PlyCount "79"]
[EventDate "2016.04.20"]

1. e4 c6 2. d4 d5 3. Nc3 dxe4 4. Nxe4 Bf5 5. Ng3 Bg6 6. h4 h5 7. Nf3 e6 8. Bd3
Ne7 9. Bg5 f6 10. Be3 Nd7 11. Ne4 Qc7 12. Qe2 O-O-O 13. O-O-O Nd5 14. Bd2 Nf4
15. Bxf4 Qxf4+ 16. Kb1 Kb8 17. g3 Qc7 18. Nxf6 Nxf6 19. Bxg6 Rh6 20. Ne5 Qb6
21. Qd3 Nd5 22. Qb3 Qc7 23. Be4 Ka8 24. Bxd5 exd5 25. Rhe1 Bd6 26. f4 Re6 27.
Rd3 Rde8 28. Rde3 c5 29. Qxd5 cxd4 30. Qxd4 Bc5 31. Qc4 Qb6 32. Rb3 Qa5 33. Rd1
Rd6 34. Rbd3 Rxd3 35. Qxd3 a6 36. Qd5 Ka7 37. Nc6+ bxc6 38. Qd7+ Kb6 39. Qxe8
Kb5 40. Qb8+ 1-0

[Event "Russian Championship B15 1st league 2016"]
[Site "Loo"]
[Date "2016.04.24"]
[Round "5.51"]
[White "Kulakov, Ilya"]
[Black "Volodin, Andrey"]
[Result "1-0"]
[WhiteElo "1599"]
[BlackElo "1410"]
[PlyCount "65"]
[EventDate "2016.04.20"]

1. d4 d5 2. c4 c6 3. Nf3 Nf6 4. Nc3 g6 5. Bf4 Bg7 6. e3 O-O 7. Rc1 a6 8. h3 b5
9. cxb5 cxb5 10. Be2 Qb6 11. O-O Nc6 12. Ne5 Bb7 13. Bf3 e6 14. h4 Rad8 15.
Nxc6 Bxc6 16. Kh1 h6 17. g4 Ne8 18. Qc2 b4 19. Na4 Bxa4 20. Qxa4 Nd6 21. Rc6
Qb5 22. Qxb5 Nxb5 23. Rxa6 Ra8 24. Rb6 Ra5 25. Be2 Na7 26. Rxb4 Rxa2 27. Rc1
Rd8 28. Rb7 Rf8 29. Rcc7 Nc8 30. Kg2 Ra1 31. Bd3 Kh7 32. h5 Rg8 33. Rxf7 1-0

[Event "Russian Championship B15 1st league 2016"]
[Site "Loo"]
[Date "2016.04.24"]
[Round "5.52"]
[White "Shushakov, Andrey"]
[Black "Pontis, Stanislav"]
[Result "1-0"]
[WhiteElo "1550"]
[BlackElo "1377"]
[PlyCount "59"]
[EventDate "2016.04.20"]

1. e4 c5 2. Nf3 Nc6 3. d4 cxd4 4. Nxd4 e5 5. Nf3 Nf6 6. Bd3 d6 7. O-O Bg4 8. c3
Be7 9. Re1 O-O 10. Nbd2 Rc8 11. Nf1 Bh5 12. Ng3 Bg6 13. Nh4 Qb6 14. Nhf5 Rfd8
15. Qe2 h6 16. Be3 Qc7 17. Rad1 d5 18. exd5 Rxd5 19. h4 Rcd8 20. Rd2 Qd7 21.
Red1 Bf8 22. c4 Ra5 23. Nxh6+ gxh6 24. Bxg6 Qe8 25. Bb1 e4 26. Rxd8 Nxd8 27.
Nxe4 Nxe4 28. Qg4+ Kh8 29. Bxe4 h5 30. Bd4+ 1-0

[Event "Russian Championship B15 1st league 2016"]
[Site "Loo"]
[Date "2016.04.24"]
[Round "5.53"]
[White "Volchkov, Ivan"]
[Black "Belov, Kirill"]
[Result "1/2-1/2"]
[WhiteElo "1504"]
[BlackElo "1360"]
[PlyCount "151"]
[EventDate "2016.04.20"]

1. d4 Nf6 2. c4 c5 3. d5 b5 4. cxb5 a6 5. b6 Qxb6 6. Nc3 d6 7. e4 g6 8. Nf3 Bg7
9. h3 O-O 10. Bd3 Nbd7 11. O-O e5 12. Nd2 Bb7 13. Nc4 Qc7 14. Bd2 Nb6 15. Ne3
Nh5 16. Rc1 Nf4 17. Bb1 Qd7 18. Ne2 Nxe2+ 19. Qxe2 f5 20. exf5 gxf5 21. Qh5 Bc8
22. g4 Qf7 23. Qxf7+ Rxf7 24. Bxf5 Bh6 25. Bxc8 Bxe3 26. fxe3 Rxc8 27. Rxf7
Kxf7 28. e4 Na4 29. b3 Nb2 30. Rc2 Nd3 31. Kf1 Kg6 32. Ke2 Nf4+ 33. Bxf4 exf4
34. b4 Kf6 35. Kf3 Ke5 36. g5 a5 37. bxc5 Rxc5 38. Rxc5 dxc5 39. d6 Kxd6 40.
Kxf4 c4 41. Ke3 Ke5 42. a4 c3 43. Kd3 c2 44. Kxc2 Kxe4 45. Kc3 Kf5 46. Kc4 Kxg5
47. Kb5 Kh4 48. Kxa5 Kxh3 49. Kb4 h5 50. a5 Kg2 51. a6 h4 52. a7 h3 53. a8=Q+
Kg1 54. Qa1+ Kg2 55. Qb2+ Kg1 56. Qc1+ Kg2 57. Qd2+ Kg1 58. Qg5+ Kh1 59. Qg3 h2
60. Qe1+ Kg2 61. Qe2+ Kg1 62. Qg4+ Kh1 63. Qe2 Kg1 64. Qe1+ Kg2 65. Qe4+ Kg1
66. Qd4+ Kg2 67. Qd2+ Kg1 68. Qe1+ Kg2 69. Qe2+ Kg1 70. Qg4+ Kh1 71. Qh3 Kg1
72. Qg3+ Kh1 73. Qf3+ Kg1 74. Qe3+ Kg2 75. Qe4+ Kg1 76. Qe2 1/2-1/2

[Event "Russian Championship B15 1st league 2016"]
[Site "Loo"]
[Date "2016.04.24"]
[Round "5.54"]
[White "Greshtakyan, Ashot"]
[Black "Riakhovskii, Mark"]
[Result "1-0"]
[WhiteElo "1489"]
[BlackElo "1360"]
[PlyCount "39"]
[EventDate "2016.04.20"]

1. e4 c5 2. d4 cxd4 3. c3 dxc3 4. Nxc3 d6 5. Bc4 Nc6 6. Nf3 e6 7. O-O Be7 8.
Qe2 Nf6 9. Rd1 Nd7 10. Bf4 e5 11. Bg3 O-O 12. Nb5 a6 13. Nxd6 Bxd6 14. Rxd6 Qc7
15. Rad1 Nd4 16. Nxd4 Qxd6 17. Ne6 Qb6 18. Nxf8 Kxf8 19. Qh5 Qxb2 20. Qxf7# 1-0

[Event "Russian Championship B15 1st league 2016"]
[Site "Loo"]
[Date "2016.04.24"]
[Round "5.55"]
[White "Enin, Peter"]
[Black "Vashchenko, Lev"]
[Result "1/2-1/2"]
[WhiteElo "1229"]
[BlackElo "1469"]
[PlyCount "83"]
[EventDate "2016.04.20"]

1. e4 e6 2. Nc3 d5 3. exd5 exd5 4. d4 Nf6 5. Nf3 Be7 6. Be2 O-O 7. O-O Bf5 8.
Bf4 Nbd7 9. a3 c5 10. dxc5 Nxc5 11. h3 Nce4 12. Nxe4 dxe4 13. Qxd8 Rfxd8 14.
Ne5 Nd5 15. Bh2 Bf6 16. c3 Nb6 17. Rfd1 Na4 18. Rab1 Rxd1+ 19. Bxd1 Nc5 20. Bc2
Nd3 21. Bxd3 exd3 22. Rd1 Rd8 23. f3 h5 24. Kf2 Be7 25. Nc4 Bc5+ 26. Kf1 b5 27.
Nd2 a5 28. Bc7 Re8 29. Re1 Ra8 30. Ne4 Ra7 31. Nxc5 Rxc7 32. Re5 Be6 33. Nxe6
fxe6 34. Rxe6 b4 35. axb4 axb4 36. Ke1 bxc3 37. bxc3 Rxc3 38. Kd2 Rc2+ 39. Kxd3
Rxg2 40. h4 Kf7 41. Rb6 Rg3 42. Ke3 1/2-1/2

[Event "Russian Championship B15 1st league 2016"]
[Site "Loo"]
[Date "2016.04.24"]
[Round "5.58"]
[White "Muratov, Maxim"]
[Black "Dyashkin, Dmitry"]
[Result "0-1"]
[WhiteElo "1428"]
[BlackElo "1531"]
[PlyCount "87"]
[EventDate "2016.04.20"]

1. Nf3 d5 2. d4 e6 3. c4 Nf6 4. Nc3 Be7 5. e3 O-O 6. Bd3 Nbd7 7. Qb3 dxc4 8.
Bxc4 c5 9. d5 exd5 10. Nxd5 Nxd5 11. Bxd5 Nf6 12. Bc4 a6 13. a4 Rb8 14. Ne5 b5
15. Bxf7+ Kh8 16. Nc6 Qc7 17. Nxb8 c4 18. Bxc4 bxc4 19. Nxa6 Bxa6 20. Qc2 Bd6
21. h3 Nh5 22. O-O c3 23. Rd1 cxb2 24. Qxc7 bxa1=Q 25. Qxd6 Qf6 26. Qxf6 Nxf6
27. Bb2 Bc4 28. f3 Ra8 29. Ra1 Kg8 30. e4 Nd7 31. Kf2 Nc5 32. Ke3 Nxa4 33. Kd4
Bb5 34. Bc1 Bf1 35. Ra2 Rd8+ 36. Ke3 Nc3 37. Rc2 Nb5 38. Kf2 Bd3 39. Rd2 Rc8
40. Rxd3 Rxc1 41. Rd7 Rc4 42. Rd8+ Kf7 43. g3 Ke6 44. Ke3 {
запись не разбор~~ива} 0-1

[Event "Russian Championship B15 1st league 2016"]
[Site "Loo"]
[Date "2016.04.24"]
[Round "5.59"]
[White "Klyus, Nikita"]
[Black "Voronkov, Evgeny"]
[Result "0-1"]
[WhiteElo "1474"]
[BlackElo "1379"]
[PlyCount "58"]
[EventDate "2016.04.20"]

1. e4 d5 2. exd5 Nf6 3. d4 Qxd5 4. Nc3 Qd8 5. Bf4 Nc6 6. Nce2 Bg4 7. c3 e6 8.
Qb3 Na5 9. Qa4+ c6 10. Ng3 b5 11. Qc2 Bd6 12. Bxd6 Qxd6 13. Bd3 Qd5 14. f3 Bh5
15. Nxh5 Qxh5 16. Be4 Qh4+ 17. g3 Qh6 18. Qd3 Rc8 19. f4 O-O 20. a4 Nc4 21. b3
Nd6 22. Bg2 Qh5 23. axb5 Qxb5 24. Qxb5 cxb5 25. Ne2 Nde4 26. Rxa7 Nxc3 27. Rb7
Nxe2 28. Kxe2 Rc2+ 29. Ke1 Rxg2 0-1

[Event "Russian Championship B15 1st league 2016"]
[Site "Loo"]
[Date "2016.04.24"]
[Round "5.60"]
[White "Konotop, Daniil"]
[Black "Medvedev, David"]
[Result "1-0"]
[WhiteElo "1473"]
[BlackElo "1350"]
[PlyCount "95"]
[EventDate "2016.04.20"]

1. f4 d5 2. Nf3 Nf6 3. e3 g6 4. b3 Bg7 5. Bb2 O-O 6. Nc3 Nc6 7. Bb5 e6 8. Bxc6
bxc6 9. O-O c5 10. Ne2 Ba6 11. Qe1 Rb8 12. Rb1 Nd7 13. Bxg7 Kxg7 14. d3 c6 15.
Ne5 Nxe5 16. fxe5 Qg5 17. Qg3 Qxg3 18. Nxg3 Rb6 19. c4 Rfb8 20. Rbd1 Bc8 21.
Rf6 a5 22. Rdf1 R8b7 23. cxd5 cxd5 24. Rc1 Rc7 25. Rc3 Ba6 26. Rf2 Rbc6 27.
Rfc2 Rc8 28. Nf1 Bb7 29. Nd2 d4 30. exd4 cxd4 31. Rxc6 Rxc6 32. Rxc6 Bxc6 33.
Nf3 Bb5 34. Nxd4 Bxd3 35. Nc6 Bb1 36. a3 Bc2 37. Nxa5 f6 38. b4 Ba4 39. Nb7
fxe5 40. Nc5 Bc6 41. a4 e4 42. b5 Bd5 43. b6 e3 44. b7 e2 45. Kf2 Bxb7 46. Nxb7
e5 47. a5 e4 48. Kxe2 1-0

[Event "Russian Championship B15 1st league 2016"]
[Site "Loo"]
[Date "2016.04.24"]
[Round "5.61"]
[White "Strelkov, Daniil"]
[Black "Nagibin, Danila"]
[Result "1/2-1/2"]
[WhiteElo "1288"]
[BlackElo "1274"]
[PlyCount "85"]
[EventDate "2016.04.20"]

1. e4 e5 2. Nf3 Nc6 3. Bc4 Bc5 4. Nc3 Nf6 5. d3 d6 6. Be3 Bb6 7. d4 Bg4 8. d5
Ne7 9. Qd2 Ba5 10. Bd3 c6 11. dxc6 Nxc6 12. Nh4 Nxe4 13. Bxe4 Qxh4 14. Bxc6+
bxc6 15. Qxd6 Qf6 16. Qxf6 gxf6 17. Bd2 O-O-O 18. f3 Bf5 19. O-O-O Rhg8 20. g4
Bg6 21. Ne4 Bxd2+ 22. Rxd2 Rxd2 23. Kxd2 f5 24. gxf5 Rd8+ 25. Ke2 Bxf5 26. Rd1
Rxd1 27. Kxd1 Kc7 28. h4 Kd7 29. h5 Ke7 30. c4 f6 31. c5 Ke6 32. b4 Bh3 33. Kd2
h6 34. Ke2 f5 35. Nd6 a6 36. Nb7 e4 37. fxe4 fxe4 38. Ke3 Ke5 39. Nd8 Kd5 40.
Nf7 Bg4 41. Nxh6 Bxh5 42. Nf5 Ke5 43. Nd4 1/2-1/2

[Event "Russian Championship B15 2016"]
[Site "Loo"]
[Date "2016.04.24"]
[Round "5.1"]
[White "Lomasov, Semen"]
[Black "Yeritsyan, Aram"]
[Result "1/2-1/2"]
[WhiteElo "2326"]
[BlackElo "2000"]
[PlyCount "99"]
[EventDate "2016.04.20"]

1. c4 e5 2. Nc3 Nf6 3. Nf3 Nc6 4. e3 Bb4 5. Qc2 O-O 6. Nd5 Re8 7. Ng5 g6 8. h4
Bf8 9. Be2 d6 10. Nxf6+ Qxf6 11. g4 Bg7 12. d3 Bd7 13. Bd2 a5 14. a3 a4 15. Ne4
Qe7 16. h5 Na5 17. hxg6 hxg6 18. Bxa5 Rxa5 19. Bf3 Bc6 20. Qd2 Raa8 21. Qe2
Red8 22. Nc3 e4 23. Nxe4 d5 24. cxd5 Bxd5 25. Rd1 b5 26. g5 c5 27. Kf1 c4 28.
Nf6+ Bxf6 29. gxf6 Qxf6 30. Bxd5 Rxd5 31. dxc4 Rxd1+ 32. Qxd1 Qxb2 33. cxb5
Qxb5+ 34. Qe2 Qb1+ 35. Kg2 Qe4+ 36. Qf3 Qxf3+ 37. Kxf3 Rb8 38. Rh4 Ra8 39. Rb4
Kg7 40. Kf4 Ra5 41. e4 g5+ 42. Ke3 Kg6 43. Rd4 f6 44. Rd5 Ra6 45. Rd4 Ra5 46.
f3 Kf7 47. Rb4 Ke6 48. Kd4 Ra8 49. Rb6+ Kf7 50. Kc4 1/2-1/2

[Event "Russian Championship B15 2016"]
[Site "Loo"]
[Date "2016.04.24"]
[Round "5.2"]
[White "Shubin, Kirill"]
[Black "Nuristani, Iman"]
[Result "0-1"]
[WhiteElo "2399"]
[BlackElo "1922"]
[PlyCount "54"]
[EventDate "2016.04.20"]

1. e4 e6 2. d4 d5 3. Nd2 dxe4 4. Nxe4 Bd7 5. Nf3 Bc6 6. Bd3 Nd7 7. O-O Ngf6 8.
Qe2 Nxe4 9. Bxe4 Bxe4 10. Qxe4 c6 11. c4 Be7 12. Bd2 O-O 13. Bc3 Bf6 14. Rfd1
Qc7 15. Rac1 Rad8 16. b4 Rfe8 17. Re1 Nf8 18. g4 h6 19. h4 Qe7 20. Kg2 Bxh4 21.
Rh1 Bg5 22. Rcg1 Qf6 23. Nxg5 Qxg5 24. Rh5 Qg6 25. f3 e5 26. g5 Ne6 27. Bd2
Rxd4 0-1

[Event "Russian Championship B15 2016"]
[Site "Loo"]
[Date "2016.04.24"]
[Round "5.3"]
[White "Sakulo, Denis"]
[Black "Nesterov, Aseny"]
[Result "1-0"]
[WhiteElo "2085"]
[BlackElo "2273"]
[PlyCount "88"]
[EventDate "2016.04.20"]

1. d4 d5 2. c4 c6 3. Nc3 Nf6 4. e3 e6 5. Nf3 Nbd7 6. Qc2 Bd6 7. Bd3 O-O 8. O-O
Re8 9. e4 dxc4 10. Bxc4 e5 11. Qb3 Qe7 12. Bg5 exd4 13. Nxd4 Nc5 14. Qd1 Rd8
15. f4 Ncxe4 16. Nxe4 Qxe4 17. Re1 Qg6 18. Bd3 Bg4 19. Qc2 Qh5 20. Nf5 Bxf5 21.
Bxf5 Bb4 22. Re5 Rd2 23. Qb3 Bd6 24. Qc3 Rd5 25. Rxd5 Nxd5 26. Qd3 Bxf4 27.
Bxf4 Nxf4 28. Qe4 Nd5 29. Re1 g6 30. Bg4 Qg5 31. Bf3 Rd8 32. h4 Qd2 33. Qe5 Qf4
34. Bxd5 Qxe5 35. Bxf7+ Kxf7 36. Rxe5 Rd2 37. Ra5 a6 38. b3 Ke6 39. Kh2 Kf6 40.
Kh3 c5 41. g3 Rd4 42. g4 Ke6 43. h5 g5 44. Ra3 Rd3+ 1-0

[Event "Russian Championship B15 2016"]
[Site "Loo"]
[Date "2016.04.24"]
[Round "5.4"]
[White "Kalabukhov, Bogdan"]
[Black "Kavyev, Ruslan"]
[Result "1-0"]
[WhiteElo "2056"]
[BlackElo "2058"]
[PlyCount "119"]
[EventDate "2016.04.20"]

1. d4 Nf6 2. Nf3 d5 3. Bf4 c5 4. e3 Nc6 5. c3 Qb6 6. Qb3 c4 7. Qc2 Bf5 8. Qc1
h6 9. Nbd2 Qd8 10. Ne5 Nxe5 11. dxe5 Nd7 12. e4 dxe4 13. Bxc4 Nc5 14. O-O a6
15. e6 Bxe6 16. Bxe6 Nxe6 17. Nxe4 Qd3 18. Re1 Rd8 19. Be5 Qd5 20. Ng3 Nc5 21.
c4 Qd2 22. Qxd2 Rxd2 23. Nf5 Nd3 24. Nd6+ Kd7 25. Nxf7 Nxe1 26. Nxh8 Nc2 27.
Rc1 Nd4 28. Bxd4 Rxd4 29. Ng6 Ke8 30. Kf1 Rd2 31. Rc3 e6 32. Nxf8 Kxf8 33. Rb3
Rd7 34. Ke2 Ke7 35. Rb6 Rc7 36. Kd3 Kd7 37. c5 Ke7 38. c6 Rxc6 39. Rxb7+ Kf6
40. a4 Rd6+ 41. Ke3 Rc6 42. a5 Rc5 43. b4 Rc3+ 44. Kd2 Rb3 45. Rb6 Rb2+ 46. Ke3
Rb3+ 47. Kd4 Rb2 48. g3 Ke7 49. f4 Rd2+ 50. Kc3 Rxh2 51. Rxa6 Rg2 52. Ra7+ Kf6
53. b5 Rxg3+ 54. Kd4 Rb3 55. Rb7 Ra3 56. a6 h5 57. Rb8 Ke7 58. Kc5 Kd7 59. Rg8
Rc3+ 60. Kb6 1-0

[Event "Russian Championship B15 2016"]
[Site "Loo"]
[Date "2016.04.24"]
[Round "5.5"]
[White "Murtazin, Ruslan"]
[Black "Shinkevich, Maksim"]
[Result "1-0"]
[WhiteElo "2012"]
[BlackElo "1997"]
[PlyCount "81"]
[EventDate "2016.04.20"]

1. d4 Nf6 2. c4 g6 3. Nc3 Bg7 4. e4 d6 5. Nf3 O-O 6. h3 e5 7. d5 Nbd7 8. Be3
Nc5 9. Nd2 Nh5 10. b4 Na6 11. a3 c5 12. b5 Nb8 13. Rc1 Qe8 14. g3 f5 15. exf5
gxf5 16. Be2 Nf6 17. f4 Nbd7 18. O-O Kh8 19. Kh2 Qg6 20. Nf3 Re8 21. Nh4 Qf7
22. Nxf5 Bf8 23. fxe5 Nxe5 24. Bg5 Bxf5 25. Rxf5 Bg7 26. Qf1 Ned7 27. Bd3 Re5
28. Ne4 Qg6 29. Nxf6 Rxf5 30. Bxf5 Qxg5 31. Nxd7 Bd4 32. Re1 Rg8 33. Qf4 Qg7
34. Be6 Rd8 35. Rf1 h6 36. Qf7 Qxf7 37. Rxf7 Bg7 38. h4 Kh7 39. h5 a6 40. Nb6
axb5 41. cxb5 1-0

[Event "Russian Championship B15 2016"]
[Site "Loo"]
[Date "2016.04.24"]
[Round "5.6"]
[White "Bazhenov, Aleksandr"]
[Black "Izabakarov, Kamil"]
[Result "1-0"]
[WhiteElo "2162"]
[BlackElo "1813"]
[PlyCount "47"]
[EventDate "2016.04.20"]

1. e4 e6 2. d4 d5 3. Bd3 dxe4 4. Bxe4 Nf6 5. Bf3 c5 6. Ne2 Nc6 7. Be3 Nd5 8.
Bxd5 Qxd5 9. Nbc3 Qc4 10. dxc5 Be7 11. Qd3 Ne5 12. Qd4 Bf6 13. O-O-O Bd7 14. b3
Qa6 15. f4 Nc6 16. Qxd7+ Kf8 17. Qd6+ Kg8 18. a4 h6 19. Qd3 Qa5 20. Qc4 Kh7 21.
Nd4 Rab8 22. Nxc6 bxc6 23. Ne4 Be7 24. Rd7 1-0

[Event "Russian Championship B15 2016"]
[Site "Loo"]
[Date "2016.04.24"]
[Round "5.7"]
[White "Shemyakin, Valeriy"]
[Black "Gurvich, Vitaly"]
[Result "0-1"]
[WhiteElo "2077"]
[BlackElo "2381"]
[PlyCount "78"]
[EventDate "2016.04.20"]

1. e4 e5 2. Nf3 Nc6 3. Bb5 a6 4. Ba4 Nf6 5. d3 d6 6. c3 Be7 7. O-O O-O 8. Re1
b5 9. Bc2 Re8 10. Nbd2 Bf8 11. Nf1 h6 12. Ng3 Bb7 13. Nf5 d5 14. h3 Kh8 15. Be3
Qd7 16. Qe2 Na5 17. Ng3 c5 18. Rad1 Qc7 19. Bc1 Nc6 20. c4 bxc4 21. dxc4 dxe4
22. Nxe4 Nd4 23. Nxd4 exd4 24. f3 Bd6 25. g4 Bf4 26. Qg2 Bxe4 27. Bxe4 Nxe4 28.
Rxe4 Rxe4 29. fxe4 Re8 30. Qf3 Bxc1 31. Rxc1 Qb7 32. Re1 Qb4 33. Qf1 Qxb2 34.
Qxf7 Qb8 35. Kg2 Rf8 36. Rb1 Qd8 37. Qd5 Qa5 38. Rf1 Qd2+ 39. Kg1 Qe3+ 0-1